MARC details
| 000 -CABECERA |
| campo de control de longitud fija |
01218nam a2200253 a 4500 |
| 001 - NÚMERO DE CONTROL |
| campo de control |
000015911 |
| 005 - FECHA Y HORA DE LA ÚLTIMA TRANSACCIÓN |
| campo de control |
20250528135752.0 |
| 008 - DATOS DE LONGITUD FIJA--INFORMACIÓN GENERAL |
| campo de control de longitud fija |
100222s1996 dr 001 0 spa d |
| 040 ## - FUENTE DE LA CATALOGACIÓN |
| Centro catalogador/agencia de origen |
DO-SdBNP |
| Lengua de catalogación |
spa |
| Centro/agencia transcriptor |
BNPHU |
| 082 ## - NÚMERO DE LA CLASIFICACIÓN DECIMAL DEWEY |
| Número de clasificación |
344.729301 |
| Número de documento/Ítem |
A345d |
| 100 1# - ENTRADA PRINCIPAL--NOMBRE DE PERSONA |
| Nombre de persona |
Alburquerque de Castro, Rafael Francisco, |
| Fechas asociadas al nombre |
1940- |
| 9 (RLIN) |
35785 |
| 245 10 - MENCIÓN DE TÍTULO |
| Título |
Derecho del trabajo / |
| Mención de responsabilidad, etc. |
Rafael F. Alburquerque. |
| 260 ## - PUBLICACIÓN, DISTRIBUCIÓN, ETC. |
| Lugar de publicación, distribución, etc. |
Santo Domingo : |
| Nombre del editor, distribuidor, etc. |
Lozano, |
| Fecha de publicación, distribución, etc. |
1996. |
| 300 ## - DESCRIPCIÓN FÍSICA |
| Extensión |
v. ; |
| Dimensiones |
22 cm. |
| 500 ## - NOTA GENERAL |
| Nota general |
La biblioteca posee el v.2. |
| 504 ## - NOTA DE BIBLIOGRAFÍA, ETC. |
| Nota de bibliografía, etc. |
Incluye bibliografía y notas al pie de páginas. |
| 505 0# - NOTA DE CONTENIDO CON FORMATO |
| Título |
v.-II: El empleo y el Trabajo: |
| -- |
El empleo: |
| -- |
Formación profesional -- |
| -- |
La celebración del contrato de trabajo -- |
| -- |
Las modalidades del contrato de trabajo -- |
| -- |
La suspensión de los efectos del contrato de trabajo -- |
| -- |
La terminación del contrato de trabajo -- |
| -- |
El trabajo: |
| -- |
La jornada de trabajo -- |
| -- |
Los descansos -- |
| -- |
La protección contra los riesgos del trabajo -- |
| -- |
El salario. |
| 590 ## - NOTA LOCAL (RLIN) |
| Nota local |
Inventariado, 2018/VM |
| 650 #4 - PUNTO DE ACCESO ADICIONAL DE MATERIA--TÉRMINO DE MATERIA |
| Término de materia o nombre geográfico como elemento de entrada |
Derecho laboral |
| Subdivisión general |
Legislación |
| Subdivisión geográfica |
República Dominicana |
| 9 (RLIN) |
7806 |
| 650 #4 - PUNTO DE ACCESO ADICIONAL DE MATERIA--TÉRMINO DE MATERIA |
| Término de materia o nombre geográfico como elemento de entrada |
Trabajo |
| 9 (RLIN) |
35792 |
| 650 #4 - PUNTO DE ACCESO ADICIONAL DE MATERIA--TÉRMINO DE MATERIA |
| Término de materia o nombre geográfico como elemento de entrada |
Contratos de trabajos |
| 9 (RLIN) |
35793 |
| 650 #0 - PUNTO DE ACCESO ADICIONAL DE MATERIA--TÉRMINO DE MATERIA |
| Término de materia o nombre geográfico como elemento de entrada |
Empleos |
| 9 (RLIN) |
32282 |
| 910 ## - DATOS DE OPCIÓN DEL USUARIO (OCLC) |
| Datos de opción del usuario |
Validado. Control de calidad EMS |